[Event "Charlotte Spring-E 2022"]
[Site "Charlotte"]
[Date "2022.03.17"]
[Round "2.4"]
[White "Zaloznyy, Mike"]
[Black "Becerra Rivero, Julio"]
[Result "1-0"]
[WhiteElo "2065"]
[BlackElo "2493"]
[Annotator "TA"]
[PlyCount "103"]
[EventDate "2022.03.16"]
[EventType "tourn"]
[EventCountry "USA"]
[SourceTitle "playchess.com"]
[Source "ChessBase"]
[SourceQuality "1"]

{[%evp 18,103,66,79,145,127,121,160,156,173,189,97,254,278,266,199,184,199,189,202,212,212,234,101,137,91,247,225,273,305,259,239,300,62,73,82,43,42,71,64,301,54,312,343,358,364,460,477,448,439,1657,1475,2160,888,2006,1875,29954,7882,4132,776,1572,1595,1232,1391,29954,29957,29955,29953,7042,6475,29965,29965,29965,29966,29971,29972,29976,29977,29977,29978,29978,29979,29978,29979,29980,29980,29980,29980]} 1. d4 Nf6 2. Bf4 g6 3. Nc3 Bg7 4. e4 O-O 5. Qd2 d6 6. O-O-O c6 7. Bh6 b5 {[%cal Bb7b5,Bb5b4][%mdl 32]} 8. f3 b4 9. Nce2 Qa5 10. Kb1 $1 e5 {[#] B07: Pirc Defence: Miscellaneous Systems.} (10... c5 $142) 11. h4 $1 $16 {[%cal Oh4h5]} Be6 12. Nc1 {[#]} Nbd7 $146 {White is clearly better.} ({Predecessor:} 12... Bxh6 13. Qxh6 exd4 14. h5 c5 15. g4 Qc7 16. Nh3 Qe7 17. Nf4 Nbd7 18. g5 Nxh5 19. Nxh5 gxh5 {1-0 (31) Sharikov,A (2180)-Hu,M (2080) ICC INT 2020}) 13. h5 exd4 (13... Nxh5 $2 {[#]} 14. Rxh5 $1 {[%mdl 512]} Bxh6 15. Rxh6 $18) 14. g4 (14. Bxg7 $18 Kxg7 15. hxg6 (15. Qxd4 Qc5 $16) 15... fxg6 16. Qxd4) 14... Bh8 $2 (14... Ne5 $16 {was worth a try.}) 15. hxg6 $18 (15. Bxf8 Nxf8 16. Nb3 (16. Qxd4 Nxh5 17. Qxd6 Be5 $16) 16... Bxb3 17. axb3 Bg7 $16) 15... fxg6 16. Nge2 (16. Qxd4 Ne8 17. Qe3 (17. Qd2 Rf7 $11) 17... Qe5 $11) 16... c5 17. Nf4 Bf7 18. g5 Nh5 {Threatens to win with ...Nxf4.} 19. Nxh5 gxh5 20. Nb3 (20. Bxf8 $18 {has better winning chances.} Nxf8 21. b3) 20... Qb6 (20... Bxb3 $2 21. axb3 Rf7 22. Bc4 $18) 21. f4 {White is more active.} (21. Bxf8 $142 Nxf8 22. Qf2) 21... Rae8 (21... c4 $16) 22. Qg2 {[%mdl 1024] White has strong compensation.} ({Don't do} 22. Bxf8 Nxf8 23. Be2 Rxe4) 22... Qc6 23. Nd2 ({Don't play} 23. Bxf8 $6 Nxf8 24. e5 Qd7 $16) 23... Bg7 24. f5 d5 25. f6 $2 ({White should try} 25. Bxg7 $18 Kxg7 26. Be2 dxe4 27. Bxh5 Bxh5 28. f6+ Kf7 29. Rxh5) 25... Bxh6 $14 26. gxh6+ Bg6 {[%cal Rd5e4]} 27. exd5 Qxf6 28. Bb5 $36 {[%mdl 2048] White has good play.} Qf5 {Black is on the road to losing.} (28... Re7 $14) 29. Nc4 $2 (29. Rhf1 $18 Qxc2+ 30. Ka1) 29... Rb8 $2 {[%mdl 8192] [#]} ({Better is} 29... Rd8 $1 $14) 30. Rdf1 $1 $18 Qe4 (30... Qxc2+ 31. Qxc2) 31. Qxe4 {Threatening mate with Qe7. Dancing on a razor blade.} Bxe4 32. Rhg1+ ({Less strong is} 32. Bxd7 Bxd5 33. Rhg1+ Kh8 $18) 32... Kh8 {[%cal Oe4d5]} 33. Bxd7 d3 (33... Bxd5 $142 34. Ne5 c4) 34. Be6 h4 35. Rxf8+ Rxf8 36. Ne5 {[%cal Og1g8] White threatens Rg8+! and mate.} dxc2+ 37. Kc1 {[%cal Og1g8] Rg8+! would kill now.} Bg6 38. Nxg6+ (38. d6 $142 b3 39. axb3) 38... hxg6 {[%mdl 4096] Endgame KRB-KR} 39. d6 {[%cal Bd5d6,Bd6d7][%mdl 32]} Kh7 40. d7 Kxh6 {[#]} 41. Bf7 $1 {[%mdl 512]} Rd8 42. Rxg6+ Kh7 43. Be8 {White wants to mate with Rc6.} Rxd7 44. Bxd7 {White mates.} Kxg6 45. Kxc2 {KB-KP} c4 46. Be6 b3+ 47. axb3 cxb3+ 48. Kxb3 Kf6 49. Bh3 Ke5 50. Kc4 Kd6 51. Bg2 Ke5 52. b4 {Weighted Error Value: White=0.37/Black=0.86} 1-0

[Event "Charlotte Spring-E 2022"]
[Site "Charlotte"]
[Date "2022.03.17"]
[Round "2.5"]
[White "Woodward, Andy"]
[Black "Matros, Alexander"]
[Result "1-0"]
[WhiteElo "2317"]
[BlackElo "2357"]
[Annotator "TA"]
[PlyCount "141"]
[EventDate "2022.03.16"]
[EventType "tourn"]
[EventCountry "USA"]
[SourceTitle "playchess.com"]
[Source "ChessBase"]
[SourceQuality "1"]

{[%evp 11,141,57,56,36,59,46,53,37,41,52,120,118,123,143,162,143,150,128,132,149,148,160,142,155,156,145,136,135,197,187,222,24,20,11,13,10,13,-187,363,0,0,0,0,0,0,0,0,23,483,64,197,287,287,287,287,287,272,272,272,249,288,279,561,73,73,73,73,73,73,74,75,75,75,67,68,68,75,75,75,75,75,75,75,75,75,8,76,78,79,8,8,8,85,85,80,8,8,8,8,0,88,0,81,81,85,85,89,89,89,8,29969,29968,29968,29968,29968,29969,29969,29970,29970,29971,29971,29972,29974,29975,29975,29976,29976,29977,29977,29977,29977,29978]} 1. d4 Nf6 2. c4 c5 3. d5 e6 4. Nc3 {[%cal Bb1c3,Bc3e4,Be4d6][%mdl 32]} exd5 5. cxd5 Bd6 6. e4 O-O 7. f4 {To avoid Be5 7.Nf3 is setting a new trend. A60: Modern Benoni: Early Divergences.} Nxe4 8. Nxe4 Re8 9. Qe2 {White is slightly better.} Na6 $1 {[%cal Oc5c4]} 10. Bd2 $1 {[%cal Bc1d2,Bd2b4,Bb4c3][%mdl 32] [#]} (10. Nxd6 Rxe2+ 11. Bxe2 (11. Nxe2 Qf6 $11) 11... Nb4 $11) 10... Nb4 $146 (10... c4 $14) ({Predecessor:} 10... f5 11. Nxd6 Rxe2+ 12. Bxe2 Qf6 13. Nc4 b5 14. Bc3 Qh6 15. Ne3 Qxf4 16. Bd2 Bb7 {0-1 (31) Wehmeier,S (2345)-Weidemann,C (2278) Germany 2018}) 11. O-O-O $1 $16 f5 {[#]} 12. Nxd6 $1 Rxe2 13. Bxe2 (13. Nxe2 Nd3+ 14. Kc2 Nf2 $11) 13... Qe7 14. Bxb4 (14. Nxf5 $6 Nxa2+ 15. Kb1 Qe4+ 16. Kxa2 Qxd5+ 17. Ka1 Qxf5 $11) 14... Qxd6 15. Bc3 Qxf4+ 16. Kb1 d6 17. Nh3 Qh4 18. Rhf1 $1 {White is more active.} Bd7 19. Nf4 $1 b5 (19... Re8 $16) 20. g3 $1 $18 Qxh2 21. Bh5 $2 (21. Rh1 $1 $18 {[%cal Rh1h2]} Qf2 22. Rd3) 21... b4 $1 $11 {[#]} (21... Qxg3 $2 22. Rg1 $1 Qg4 23. Bxg4 $18) 22. Rd2 $1 Qxg3 {[#]} 23. Bxg7 $1 Bb5 ({Resist} 23... Qxg7 24. Rg2 $14) (23... Kxg7 24. Rg2) 24. Be2 {A strong pair of Bishops.} (24. Rff2 $1 $11 Kxg7 25. Rg2 Qxg2 26. Rxg2+ Kf6 27. Kc2) 24... Qe3 $4 {[%mdl 8192]} ({Stronger than} 24... Bxe2 25. Rxe2 Qxg7 26. Rg2 $14) (24... Re8 $1 $19 {and all is fine.} 25. Bxb5 Re1+ 26. Rd1 Rxd1+ 27. Rxd1 Qxf4) 25. Rc2 ({White must play} 25. Bh6 $1 $18 {[%cal Oe2b5]} Be8 26. Rd3) 25... Ba4 26. b3 Bxb3 27. axb3 {Dancing on a razor blade.} Kxg7 28. Bd3 $36 {[%mdl 2048] aiming for Re2. White has the initiative.} Kh8 29. Re2 Qd4 {[%mdl 8192]} (29... Qg3 $11 {and Black has nothing to worry.}) 30. Rh2 $2 ({White has to play} 30. Bxf5 $18 Qf6 31. Bc2) 30... Rg8 {[#]} (30... Rf8 $14) 31. Rxh7+ $3 $18 {[%mdl 576] Decoy} Kxh7 32. Rh1+ Kg7 33. Ne6+ Kf6 34. Nxd4 cxd4 {[%mdl 4096] Endgame KRB-KR} 35. Re1 Rg3 36. Re6+ Kg5 $2 (36... Kg7 {keeps fighting.}) 37. Bc4 $2 (37. Kc2 $18 {is the precise move to win.} Kf4 38. Rxd6 Rg2+ 39. Kd1) 37... Rc3 $16 {Threatens to win with ...d3.} 38. Rxd6 d3 {Strongly threatening ...d2.} 39. Rd8 Kf6 (39... d2 $2 40. Rg8+ Kf6 41. Rg1 $18) 40. Rh8 {d6 is the strong threat.} Ke5 41. Rh3 f4 {To avoid Re3+} (41... d2 $2 42. Rh1 $18) 42. Rxd3 Rxd3 43. Bxd3 {Intending Bc4 and mate.} Kxd5 {KB-K3P} 44. Kc2 Kd4 45. Kd2 $1 a5 46. Bb5 Kc5 47. Be8 {White threatens Kd3 and mate.} Kd4 48. Ke2 (48. Ba4 $16) 48... Ke4 (48... Kc3 $11 49. Ba4 Kd4) 49. Ba4 Kd4 50. Kf3 (50. Kd2 $1 $16) 50... Ke5 $11 51. Bb5 Kf5 (51... Kd5 $11) 52. Bc6 {White wants to mate with Ke2.} Ke5 53. Bd7 ({White should play} 53. Ke2 $1 $16 {[%cal Re2d3]}) 53... Kd6 54. Be8 Ke5 55. Ke2 (55. Bh5 $11) 55... Ke4 $16 56. Kd2 Kd4 $1 57. Bd7 Ke4 58. Bc6+ Kd4 59. Bf3 Kc5 {[%cal Oa5a4]} 60. Kd3 (60. Bd1 $16) 60... Kb5 $2 {[%mdl 8192]} (60... a4 $11 61. bxa4 b3) 61. Bh5 {White mates.} Kc5 62. Bf7 f3 63. Ke3 f2 64. Kxf2 {KB-KPP} Kd4 {[#]} 65. Be8 $1 Kc3 {[#]} 66. Ba4 $1 Kd2 67. Kf3 Kd3 68. Kf4 Kd4 69. Kf5 Kd5 70. Kf6 Kd6 71. Kf7 {Weighted Error Value: White=0.44/Black=0.46} 1-0

[Event "Charlotte Spring-E 2022"]
[Site "Charlotte"]
[Date "2022.03.18"]
[Round "3.1"]
[White "Matros, Alexander"]
[Black "Chiku-Ratte, Olivier-Kenta"]
[Result "1/2-1/2"]
[WhiteElo "2357"]
[BlackElo "2382"]
[Annotator "TA"]
[PlyCount "159"]
[EventDate "2022.03.16"]
[EventType "tourn"]
[EventCountry "USA"]
[SourceTitle "playchess.com"]
[Source "ChessBase"]
[SourceQuality "1"]

{[%evp 20,159,0,0,0,-2,11,11,27,31,41,34,188,186,216,212,202,124,134,78,91,88,82,72,70,64,66,60,60,14,20,21,64,63,62,61,72,44,51,52,81,81,81,67,67,67,81,81,81,81,81,81,98,51,81,81,81,81,81,81,98,81,81,81,98,81,98,81,98,98,98,98,98,98,98,98,98,98,98,98,98,98,98,12,98,12,12,12,12,12,19,27,34,34,98,98,98,98,98,98,98,98,101,98,98,8,101,98,101,101,101,98,98,98,98,98,101,98,101,0,101,98,101,0,0,0,101,0,101,9,98,99,106,89,89,48,89,34,89,0,0,0]} 1. d4 Nf6 2. c4 g6 3. Nc3 Bg7 4. e4 d6 5. Nf3 O-O 6. h3 e5 7. dxe5 dxe5 8. Qxd8 Rxd8 9. Bg5 Re8 10. Nd5 $1 {The main line 10.Nd5 scores better than 10.0-0-0.} Nxd5 11. cxd5 ({But not} 11. exd5 e4 12. Nd2 Bxb2 $17) 11... c6 {E90: King's Indian: Classical: Early deviations and 6 h3.} 12. Bc4 b5 13. Bb3 Bb7 14. Rc1 {[#]} Bf8 $146 ({Predecessor:} 14... Rc8 15. Be3 h6 16. Ke2 Nd7 17. dxc6 Bxc6 18. Rhd1 Nb6 19. Bxb6 axb6 20. Bd5 Bxd5 21. Rxc8+ Rxc8 22. Rxd5 {½-½ (36) Roeder,M (2444)-Gelashvili,T (2604) Balaguer 2007}) 15. Be3 Bb4+ $2 (15... a5 $14) 16. Ke2 $18 a5 17. a3 Bf8 18. Rhd1 a4 {[#]} 19. Ba2 {White is much more active.} (19. dxc6 $142 $1 Bxc6 (19... Nxc6 20. Rd7) 20. Ba2 (20. Bd5 Ra6 $16)) 19... b4 $16 20. axb4 {Hoping for d6.} Ba6+ 21. Bc4 {Black must now prevent dxc6.} (21. Ke1 {looks sharper.} Bxb4+ 22. Bd2 c5 23. Bxb4 cxb4 24. Rc7) 21... Bxb4 22. Bxa6 (22. g4 {feels hotter.} Kg7 23. Bxa6 Rxa6 24. g5 cxd5 25. Rxd5 Bd6 26. h4) 22... Rxa6 23. Rc4 Bf8 24. dxc6 (24. g3 $14 {was preferrable.}) 24... Nxc6 $11 25. Rdc1 Nd4+ (25... Na7 $11) 26. Nxd4 $14 exd4 27. Rxd4 Rb8 28. Rc2 Bg7 29. Rdd2 Re6 30. Rc4 Ra6 31. Bd4 Bxd4 32. Rcxd4 {[%mdl 4096] Endgame KRR-KRR} Rab6 33. Rxa4 Rxb2 34. Rad4 Rxd2+ 35. Rxd2 $16 {KR-KR} Kg7 36. Ke3 (36. g4 $16) 36... Kf6 37. Rd6+ Ke7 38. Rd5 Rb3+ 39. Rd3 Rb2 40. Rd2 Rb3+ 41. Kf4 h6 42. h4 Rb5 43. f3 Ke6 44. g4 g5+ 45. Kg3 Rb3 46. Rd5 Kf6 ({Weaker is} 46... gxh4+ 47. Kf4 $16) 47. Rf5+ Kg6 48. h5+ Kg7 49. Kf2 Rb2+ 50. Ke3 Rb3+ 51. Kd4 (51. Ke2 $16) 51... Rb4+ (51... Ra3 $11) 52. Kc5 (52. Kc3 $16 Ra4 53. Kd3) 52... Ra4 $11 53. Kb5 Ra1 54. Kb4 Rc1 $1 55. Rd5 Kf8 56. Rc5 Rb1+ ({Better is} 56... Rf1 $14) 57. Kc4 Rf1 58. Rf5 Kg7 59. Kd4 Rd1+ 60. Ke3 Ra1 61. Rd5 Ra3+ 62. Rd3 (62. Kf2 $1 $16) 62... Ra1 (62... Rxd3+ $1 $11 63. Kxd3 Kf6) 63. Rc3 Kf6 64. Rc6+ Kg7 65. Rd6 Re1+ 66. Kd2 Rf1 67. Ke2 Ra1 68. Rd3 Kf6 69. Ke3 (69. Rb3 $16) 69... Rf1 (69... Kg7 $1 $11 {keeps the balance.}) 70. Kd4 Ra1 71. Rc3 Rd1+ $1 72. Ke3 Ra1 $1 73. Rc6+ Kg7 74. Kd4 (74. Rb6 $16) 74... Rf1 {[#]} (74... Ra3 $11) 75. Rc3 $1 $16 Rd1+ 76. Ke5 Ra1 77. Rd3 (77. Rb3 $16) 77... Ra5+ $1 $14 78. Rd5 (78. Kd4 $16) 78... Ra6 {[#]} (78... Ra3 $14) 79. Rd6 ({White should play} 79. Kd4 $1 $16) 79... Ra5+ $11 80. Rd5 {Blacks defense is rewarded with a draw.  Weighted Error Value: White=0.13 (very precise) /Black=0.17 (very precise)} 1/2-1/2

[Event "Charlotte Spring-E 2022"]
[Site "Charlotte"]
[Date "2022.03.18"]
[Round "3.2"]
[White "Becerra Rivero, Julio"]
[Black "Woodward, Andy"]
[Result "1/2-1/2"]
[WhiteElo "2493"]
[BlackElo "2317"]
[Annotator "TA"]
[PlyCount "161"]
[EventDate "2022.03.16"]
[EventType "tourn"]
[EventCountry "USA"]
[SourceTitle "playchess.com"]
[Source "ChessBase"]
[SourceQuality "1"]

{[%evp 17,160,0,8,0,0,2,79,82,83,-25,0,7,45,60,57,52,45,60,112,131,139,107,151,151,145,137,174,108,176,135,143,98,109,102,114,52,104,121,123,128,134,123,122,113,109,106,107,72,78,78,78,78,78,78,78,78,78,78,78,78,78,78,78,78,78,78,78,78,78,78,78,78,78,78,78,78,78,35,35,35,35,32,54,49,49,49,49,49,49,49,49,49,49,32,49,49,32,32,32,32,49,49,49,49,49,49,49,49,49,32,49,49,49,49,49,49,49,0,8,8,8,8,8,8,8,0,8,8,8,8,8,8,8,8,8,8,8,8,8,8,8,8,8,8,8]} 1. c4 Nf6 2. Nc3 e5 3. Nf3 Nc6 4. g3 d5 5. cxd5 Nxd5 6. Bg2 Nb6 7. O-O Be7 8. d3 O-O 9. Be3 Re8 10. a3 {A29: English Opening: Four Knights Variation with 4 g3.} Be6 11. b4 a5 (11... Nd5 $11 {keeps the balance.} 12. Bd2 a5) 12. b5 $16 {White is better.} Nd4 {[#]} 13. Nd2 $146 ({White should try} 13. Nxe5 $16 Rb8 14. Nf3 Nxf3+ 15. Bxf3) ({Predecessor:} 13. Nxe5 Bf6 14. f4 Bb3 15. Qd2 Bxe5 16. fxe5 Rxe5 17. Bf4 Rc5 18. Rac1 Be6 19. Bxb7 {1-0 (36) Camacho Collados,M (2267)-Galan Martin,A (1961) Granada 2009}) 13... c6 14. bxc6 $1 Nxc6 15. Bxb6 Qxb6 16. Nc4 Qa6 17. Qa4 {Inhibits b5.} Rac8 (17... e4 $1 $14) 18. Rab1 Bxc4 19. dxc4 Red8 (19... e4 $142) 20. Nd5 Bc5 {Inhibits Rb6.} 21. e3 Kh8 22. Rb3 (22. Rb5 $18 b6 23. Qc2) 22... e4 (22... Ne7 $16) 23. Bxe4 (23. Rb5 $18 Ne5 24. Bxe4) 23... Ne5 24. Rc3 (24. Rc1 $142) 24... Bf8 {[%cal Re5c4]} 25. Rfc1 Rc5 {[%cal Oe5c4]} 26. Qb3 ({Better is} 26. Qd1 $16) 26... a4 (26... b5 $1 $14) 27. Qc2 g6 28. Nb4 Qa7 29. Nd3 Nxd3 30. Rxd3 Rxd3 31. Qxd3 {Hoping for Qd7.} b5 32. Rc2 (32. Rb1 {seems wilder.} Rxc4 33. Rxb5 Rc7 34. Kg2 Kg7 35. Bd5) 32... Rxc4 33. Rxc4 bxc4 34. Qxc4 Kg8 35. Bc2 Qc5 36. Qxa4 Qxa3 37. Qc4 Qc5 38. Qa2 Qa3 39. Qb1 Qc3 40. Kg2 Kg7 41. Be4 h5 42. h4 Qf6 43. Qb5 Bd6 44. Bd5 Qe7 45. Qc4 Qc7 46. Qa2 Qe7 47. e4 (47. Qa4 $16) 47... Bc5 $14 48. Qb2+ Qf6 49. e5 Qb6 50. Qa2 Bd4 51. Bxf7 Bxe5 52. Bd5 Bd4 53. Qa8 Qf6 54. Qb7+ Kh6 55. f4 {Active counter play!} Bc5 56. Be4 Qe6 {[#] And now ...Qa2+ would win.} 57. Qa8 {[%cal Ra8h8] Inhibits Qa2+.} Bd4 {To avoid Qh8+} 58. Kh2 Bf6 59. Qa4 Qe7 {[%cal Of6h4]} 60. Qc6 (60. Kg2 {with more complications.} Qe6 61. Bf3 Qe1 62. Qd7 Bc3 63. Kh3) 60... Kg7 61. Kg2 Qf7 62. Qc2 Bd4 63. Qd2 Bf6 64. Qd3 Qa2+ 65. Kh3 Qe6+ 66. Kh2 $1 Qa2+ 67. Kh3 (67. Bg2 $14) 67... Qe6+ $11 {The position is equal.} 68. f5 gxf5 69. Bxf5 Qc6 {[%cal Rc6h1] [#]} 70. Be4 {Prevents Qh1+.} Qe6+ 71. Bf5 Qc6 {[%cal Rc6h1]} 72. Kh2 {Prevents Qh1+.} Be5 73. Be4 Qd6 74. Qf3 Bxg3+ 75. Qxg3+ Qxg3+ 76. Kxg3 {KB-KP} Kh8 77. Kf4 Kg7 78. Kg5 Kh8 79. Kh6 Kg8 80. Bd5+ $1 Kh8 81. Kg6 {Black escapes into a draw.  Weighted Error Value: White=0.10 (very precise) /Black=0.11 (very precise)} 1/2-1/2

[Event "Charlotte Spring-E 2022"]
[Site "Charlotte"]
[Date "2022.03.18"]
[Round "3.3"]
[White "Rorrer, Grayson"]
[Black "Zaloznyy, Mike"]
[Result "0-1"]
[WhiteElo "2191"]
[BlackElo "2065"]
[Annotator "TA"]
[PlyCount "130"]
[EventDate "2022.03.16"]
[EventType "tourn"]
[EventCountry "USA"]
[SourceTitle "playchess.com"]
[Source "ChessBase"]
[SourceQuality "1"]

{[%evp 10,130,62,60,55,57,60,54,58,53,50,14,47,44,57,41,34,-26,42,0,3,0,30,33,37,29,63,62,218,206,214,93,96,29,106,22,22,36,27,-6,-4,-25,70,73,60,60,70,57,57,0,0,0,0,0,-3,-38,-47,-48,0,0,0,0,0,0,0,0,0,0,0,0,0,0,9,4,4,0,0,-10,0,-85,-85,-205,-26,-33,0,0,0,0,0,0,0,-9,-2,-10,0,0,0,0,0,0,0,0,0,0,0,0,0,0,0,0,0,0,0,0,0,0,0,-29969,-1469,-29972,-29975,-29975,-29974]} 1. e4 d5 2. exd5 Qxd5 3. Nc3 Qd8 4. d4 Nf6 5. Nf3 Bg4 6. h3 Bxf3 {B01: Scandinavian Defence.} 7. Qxf3 c6 8. Be3 e6 {White is slightly better.} 9. O-O-O Bb4 {The main line 9...Bb4 scores better than 9...Nbd7.} 10. Bd2 Bxc3 {[#]} 11. Bxc3 $146 ({Predecessor:} 11. Qxc3 Ne4 12. Qe3 Nxd2 13. Rxd2 Qa5 14. Bc4 O-O 15. Qe5 Qd8 16. h4 Nd7 17. Qe2 {1-0 (51) Vehi Bach,V (2324)-Anguera Maestro,J (2135) Sabadell 2014}) 11... Qd5 12. Qg3 O-O 13. f3 {To avoid Ne4} (13. Bd3 $14) 13... Nbd7 ({Better is} 13... Qxa2 $11 14. d5 e5) 14. b3 b5 15. Bd3 {[%cal Od3e4]} h6 16. h4 Rfc8 17. Qf4 Ne8 18. Bb4 e5 $2 {[#]} (18... Ndf6 $14) 19. dxe5 $1 $18 (19. Qf5 g6 20. Qh3 Ndf6 $16) 19... Qxe5 20. Qf5 (20. Qxe5 $18 {is the precise move to win.} Nxe5 21. Bf5) 20... Nef6 $16 {To avoid Bh7+} 21. Rhe1 (21. Qxe5 $16 Nxe5 22. Bf5) 21... Qa1+ $11 22. Kd2 Qd4 23. Bc3 Qxh4 24. Rh1 $132 {[%mdl 2048] White is not holding back} ({Reject} 24. Kc1 g6 25. Qh3 Qxh3 26. gxh3 Nd5 $11) (24. g3 $5 {[%cal Rg3h4]} Qh2+ 25. Kc1 $11) 24... Qg3 25. Kc1 (25. Rh3 $5 {[%cal Rh3g3]} Qxg2+ 26. Kc1 $11) 25... g6 26. Qh3 $14 Qxh3 27. Rxh3 Nd5 28. Bb2 {[%mdl 1024] White has compensation. This bishop pair is nice.} h5 {[#]} 29. g4 ({White should try} 29. Bxb5 $1 $14 Ne3 30. Ba6 (30. Rxd7 cxb5 31. Rd2 Rc7 $11) 30... Nxd1 31. Bxc8 Rxc8 32. Kxd1) 29... Nf4 $11 30. Rh2 Nc5 31. Bf1 Rd8 32. Rhd2 Rxd2 33. Rxd2 h4 (33... Re8 $15) 34. Bf6 $1 h3 35. Rh2 Re8 36. Kd2 {Inhibits Re1.} Re6 37. Bg5 Rd6+ 38. Ke3 Nd5+ 39. Kf2 Nc3 {[%cal Oc5e4]} 40. Kg3 f6 41. Be3 Rd1 42. Bxh3 Ne6 43. a3 Nd5 44. Kf2 (44. Bxa7 $11 g5 45. a4) 44... a5 $17 {Black is more active.} 45. c4 (45. Bg2 $17 {keeps fighting.}) 45... Ndf4 $2 (45... Nxe3 $19 46. Kxe3 Rb1) 46. cxb5 $1 $11 cxb5 47. Bf1 Nd3+ 48. Ke2 Re1+ 49. Kxd3 Rxf1 {[%mdl 4096] Endgame KRB-KRN} 50. Ke4 Rb1 51. Kd5 Rxb3 52. Kxe6 Rxe3+ 53. Kxf6 Rxf3+ 54. Kxg6 Rxa3 {KR-KR} 55. Rh5 Rb3 56. Rc5 {[%cal Rc5c8]} Kf8 {aiming for ...a4.} 57. Kf6 {[%cal Rc5c8]} Ke8 {Strongly threatening ...Kd7.} 58. Ke6 {[%cal Rc5c8]} Kd8 {Prevents Rc8+. ...a4 is the strong threat.} 59. g5 a4 60. g6 Rg3 61. Kf6 {Hoping for g7.} b4 {Threatens to win with ...b3.} 62. g7 Rxg7 63. Ra5 $2 {[%mdl 8192] [#]} (63. Kxg7 $11 b3 64. Rb5) 63... b3 $1 {[%mdl 512]} 64. Rxa4 (64. Kxg7 b2) 64... Rb7 65. Ra1 Rb5 {What a bad dream for White.  Weighted Error Value: White=0.34/Black=0.33} 0-1

[Event "Charlotte Spring-E 2022"]
[Site "Charlotte"]
[Date "2022.03.18"]
[Round "3.4"]
[White "Yang, Qindong"]
[Black "Chen, Ryo"]
[Result "1/2-1/2"]
[WhiteElo "2084"]
[BlackElo "2303"]
[Annotator "RC"]
[PlyCount "109"]
[EventDate "2022.03.16"]
[EventType "tourn"]
[EventCountry "USA"]
[SourceTitle "playchess.com"]
[Source "ChessBase"]
[SourceQuality "1"]
[TimeControl "5400+30"]

1. d4 {[%emt 0:01:54]} Nf6 {[%emt 0:00:03]} 2. c4 {[%emt 0:00:07]} g6 {[%emt 0:00:07]} 3. Nf3 {[%emt 0:00:13]} Bg7 {[%emt 0:00:06]} 4. g3 {[%emt 0:00:15]} O-O {[%emt 0:00:11]} 5. Bg2 {[%emt 0:00:02]} d6 {[%emt 1:32:33]} 6. O-O c5 {[%emt 0:00:30]} 7. dxc5 {[%emt 0:02:56]} dxc5 {[%emt 0:00:00]} 8. Nc3 {[%emt 1:29:03]} Nc6 {[%emt 0:01:00]} 9. Be3 {[%emt 0:00:30]} Be6 {[%emt 0:00:30]} 10. Bxc5 {[%emt 0:00:00]} Qa5 {[%emt 0:00:30]} 11. Ba3 {[%emt 0:00:00]} Bxc4 {[%emt 0:00:30]} 12. Nd2 {[%emt 0:01:30]} Be6 {[%emt 0:00:30]} 13. Qa4 {[%emt 0:00:30]} Qh5 {[%emt 0:00:30]} 14. Qb5 {[%emt 0:00:30]} Qxb5 {[%emt 0:00:00]} 15. Nxb5 {[%emt 0:00:30]} Rad8 {[%emt 0:00:00]} 16. Rfd1 Rd7 {[%emt 0:00:00]} 17. Nb3 a6 {[%emt 0:00:00]} 18. Nc3 {[%emt 0:01:30]} Bxb3 {[%emt 0:00:00]} 19. Rxd7 {[%emt 0:00:00]} Nxd7 {[%emt 0:00:00]} 20. axb3 {[%emt 0:00:00]} Ndb8 {[%emt 0:00:00]} 21. Rd1 {[%emt 0:00:00]} Rc8 {[%emt 0:00:00]} 22. Bc5 {[%emt 0:00:00]} Bf8 {[%emt 0:00:00]} 23. Bb6 {[%emt 0:00:00]} e6 {[%emt 0:00:00]} 24. Na4 {[%emt 0:00:00]} Be7 {[%emt 0:01:19]} 25. Nc5 {[%emt 0:00:00]} Bxc5 {[%emt 0:00:56]} 26. Bxc5 {[%emt 0:00:00]} Rd8 {[%emt 0:00:56]} 27. Rxd8+ {[%emt 0:00:00]} Nxd8 {[%emt 0:03:49]} 28. e3 {[%emt 0:00:00]} Ndc6 {[%emt 0:00:00]} 29. Kf1 {[%emt 0:00:00]} f6 {[%emt 0:00:00]} 30. Ke2 {[%emt 0:00:00]} Kf7 {[%emt 0:00:05]} 31. h4 {[%emt 0:00:00]} Nd7 {[%emt 0:01:05]} 32. Bd6 {[%emt 0:00:00]} f5 {[%emt 0:00:16]} 33. Kd3 e5 {[%emt 0:00:19]} 34. Bd5+ Kf6 {[%emt 0:01:45]} 35. f4 {[%emt 0:01:21]} e4+ {[%emt 0:00:00]} 36. Kc3 Nb6 {[%emt 0:01:00]} 37. Bxc6 {[%emt 0:04:01]} bxc6 {[%emt 0:00:00]} 38. Be5+ {[%emt 0:00:50]} Ke6 {[%emt 0:01:00]} 39. Bd4 {[%emt 0:00:13]} Nd7 {[%emt 0:00:30]} 40. Kc4 {[%emt 0:03:00]} a5 {[%emt 0:00:00]} 41. Bc5 {[%emt 0:01:10]} Nf6 {[%emt 0:00:09]} 42. Bd4 {[%emt 0:00:51]} Nd5 {[%emt 0:00:24]} 43. Kc5 {[%emt 0:00:25]} Kd7 {[%emt 0:01:27]} 44. Kc4 {[%emt 0:00:11]} Nb4 {[%emt 0:00:00]} 45. Bb6 {[%emt 0:00:38]} Nd3 {[%emt 0:00:01]} 46. Kc3 {[%emt 0:00:49]} Nf2 {[%emt 0:00:54]} 47. Bxa5 {[%emt 0:00:30]} Nh1 {[%emt 0:00:21]} 48. Kd4 {[%emt 0:00:21]} Nxg3 {[%emt 0:00:16]} 49. Ke5 {[%emt 0:00:07]} Nf1 {[%emt 0:00:23]} 50. Bb6 {[%emt 0:00:11]} Nh2 {[%emt 0:00:55]} 51. Kf6 {[%emt 0:00:09]} Ng4+ {[%emt 0:00:38]} 52. Kg7 {[%emt 0:00:30]} Ke6 {[%emt 0:00:16]} 53. Kxh7 {[%emt 0:00:17]} Kf7 {[%emt 0:00:04]} 54. Bd4 Nh2 {[%emt 0:00:44]} 55. Bb6 {[%emt 0:01:59]} 1/2-1/2